Hodnotenie efektívnosti investičného projektu "Rekonštrukcia atmosféricko-vákuovej destilácie 6 v Slovnaft a.s. Bratislava" diplomová práca

Saved in:
Bibliographic Details
Main Author: Megová, Viktória
Corporate Author: Fakulta podnikového manažmentu EU. Katedra podnikovohospodárska
Other Authors: Rybárová, Daniela, 1967-
Format: Book
Language:Slovak
Published: Bratislava 2009
Tags: Add Tag
No Tags, Be the first to tag this record!

MARC

LEADER 00000nam$a2200000$$$4500
001 0101481
005 20240319130053.0
041 0 |a slo 
044 |a SK 
245 1 0 |a Hodnotenie efektívnosti investičného projektu "Rekonštrukcia atmosféricko-vákuovej destilácie 6 v Slovnaft a.s. Bratislava"  |b diplomová práca  |c Viktória Megová ; škol. Daniela Rybárová 
264 1 |a Bratislava  |c 2009 
300 |a 74 s. 
100 1 |a Megová, Viktória 
700 1 |a Rybárová, Daniela, 1967- 
710 2 |a Fakulta podnikového manažmentu EU. Katedra podnikovohospodárska